Statistics for Chemical elements with two consecutive equal consonants

Click here to take the quiz!

General Stats

  • This quiz has been taken 17 times
  • The average score is 8 of 12

Answer Stats

No.Answer% Correct
29Copper
86%
19Potassium
86%
81Thallium
79%
39Yttrium
79%
4Beryllium
71%
31Gallium
64%
108Hassium
64%
46Palladium
64%
117Tennessine
64%
118Oganesson
57%
70Ytterbium
57%
52Tellurium
29%

Score Distribution

Percentile by Number Answered

Percent of People with Each Score

Your Score History

You have not taken this quiz